Представление документа в формате RUSMARC

ПолеНазваниеЗначение
  Тип записи a
  Библиографический уровень c
001 Контрольный номер RU/IS/BASE/340734403
005 Дата корректировки 20201206204742.6
010 Индекс ISBN __
d Цена 800-00
101 Язык документа __
a Язык текста rus
200 Заглавие и сведения об ответственности 1_
a Заглавие Повесть о Федоте Шубине ; Повесть о Воронихине
f Первые сведения об ответственности Константин Коничев ; [худож. Н. Н. Седиков]
b Общее обозначение материала Текст
210 Выходные данные __
a Место издания Л.
c Издательство Лениздат
d Дата издания 1959
215 Физическое описание __
a Объем 497, [3] с.
c Иллюстрации/тип воспроизводства ил.
300 Общие примечания __
a Общие примечания Дар С. А. Лагерева (1 экз.)
a Общие примечания Кн. с экслибрисом С. А. Лагерева из лич. б-ки (1 экз.)
a Общие примечания Ред. кн.
a Общие примечания Кн. с автогр. и дарств. надписью авт. (1 экз.)
327 Примечание о содержании __
a Примечание о содержании Повесть о Воронихине
330 Аннотация __
a Аннотация Книга объединяет повести, посвященные выдающемуся русскому зодчему Андрею Никифоровичу Воронихину и знаменитому русскому скульптору Федоту Шубину.
517 Другие варианты заглавия __
a Другие варианты заглавия Повесть о Воронихине
600 Персоналии __
a Персоналии (Фамилия) Шубин, Ф. И.
g Полное имя Федот Иванович
600 Персоналии __
a Персоналии (Фамилия) Воронихин, А. Н.
g Полное имя Андрей Никифорович
606 Тематические рубрики __
a Основная рубрика Художественная литература
606 Тематические рубрики __
a Основная рубрика Русская литература XX в. (произведения)
606 Тематические рубрики __
a Основная рубрика Изобразительное искусство и архитектура
606 Тематические рубрики __
a Основная рубрика Изобразительное искусство в целом
y Географическая подрубрика СССР; Россия
610 Ключевые слова __
a Ключевые слова советская литература; повести; исторические повести; тема истории; биографические повести; персоналии; историческая литература; скульпторы; архитекторы; биографическая литература; тема творчества; тема архитектуры; зодчие; тема скульптуры
686 Индексы других классификаций __
a Классификационный индекс 84(2Рос=Рус)6-4
686 Индексы других классификаций __
a Классификационный индекс 85.1
700 Автор _1
a Фамилия Коничев
b Имя К. И.
g Полное личное имя Константин Иванович
4 Код отношения 070
701 Альтернативная интеллектуальная ответственность _1
a Фамилия Малков
b Имя В. М.
702 Вторичная интеллектуальная ответственность _1
a Фамилия Лагерев
b Имя С. А.
4 Код отношения Даритель
702 Вторичная интеллектуальная ответственность _1
a Фамилия Коничев
b Имя К. И.
4 Код отношения Автор дарственной надписи
702 Вторичная интеллектуальная ответственность _1
a Фамилия Седиков
b Имя Н. Н.
4 Код отношения Художник
801 Источник записи _0
a Страна RU
b Организация Муниципальное бюджетное учреждение культуры "Централизованная библиотечная система" г. Сургут (Центральная городская библиотека им. А. С. Пушкина)
g Правила каталогизации КиК/Поспелова
801 Источник записи _1
a Страна RU
b Организация Муниципальное бюджетное учреждение культуры "Централизованная библиотечная система" г. Сургут (Центральная городская библиотека им. А. С. Пушкина)
g Правила каталогизации КиК/Поспелова
852 Данные о местонахождении __
j Шифр хранения 84(2Рос=Рус)6-4
c Каталожный индекс 84(2Рос=Рус)6-4; 85.1
i Авторский знак К 64
901 Тип документа 1_
t Тип документа x
903 Характеристики (МАРС) __
a Дата передачи 20101018
969 Тип издания __
a Тип издания сборник
990 Данные о заказе (DOS) __
j Количество экземпляров (DOS) 1
t N записи в КСУ для И/У (DOS) 201010